Princípy a teoretické zásady tvorby občianskych budov v nových spoločenských a hospodárskych podmienkach : Súbor publikovaných prác -habilitačná práca

Gespeichert in:
Bibliographische Detailangaben
1. Verfasser: Csellágh, Peter, 1943- (Verfasst von)
Format: Buch
Veröffentlicht: STU v Bratislave FA, 1992
Tags: Tag hinzufügen
Keine Tags, Fügen Sie das erste Tag hinzu!

MARC

LEADER 00000nam a22000003a 4500
001 stu122467
005 20170725115956.0
008 060630s1992----------------------------d
040 |a STU  |b slo 
100 1 |a Csellágh, Peter,  |d 1943-  |4 aut  |u A1110  |U FAD Fakulta architektúry  |T FA Ústav architektúry obytných budov  |X 431  |U A1110  |Y 392  |7 A000000431 
245 1 |a Princípy a teoretické zásady tvorby občianskych budov v nových spoločenských a hospodárskych podmienkach : Súbor publikovaných prác -habilitačná práca 
260 |b STU v Bratislave FA,  |c 1992 
300 |a 119 s 
996 |b 284AB00366  |c A*58 V  |l AAKNST  |s P  |a 0  |w stu122467_0001